• 首页
  • 本馆介绍
  • 公告通知
  • 最新文献
  • 馆藏检索
  • 电子资源
  • 读者导购
  • 参考咨询
  • 我的图书馆
  • 登录
  • 详细信息显示
  • 放入我的书架
  • 预约/预借图书
  • 作者相关作品
  • 分类相关作品
  • 丛书相关作品
  • 出版社相关作品

书目信息

  • 表格格式
  • 工作单格式
  • 卡片格式
题名:
太阳风暴对通信装备的影响与应对
    
 
作者: ;总装备部电子信息基础部 编
分册:  
出版信息: 北京   国防工业出版社  2012
页数: 149页
开本: 26cm
丛书名: 《太阳风暴影响与应对措施》科普丛书
单 册:
中图分类: TN965
科图分类:
主题词: 太阳活动--研究--通信设备--影响 , 太阳活动--影响--通信设备--研究
电子资源:
ISBN: 978-7-118-08451-1
000 01071nam0 2200277 450
001 512
005 20160905104910.73
005 20131010102602.0
005 20131023165349
010    @a978-7-118-08451-1@dCNY26.00
100    @a20121026d2012 em y0chiy0110 ea
101 0  @achi
102    @aCN@b110000
105    @aa z 001yy
200 1  @a太阳风暴对通信装备的影响与应对@9tai yang feng bao dui tong xin zhuang bei de ying xiang yu ying dui@b专著@f总装备部电子信息基础部[编]@g总装备部电子信息基础部编
210    @a北京@c国防工业出版社@d2012
215    @a149页@c图@d26cm
225 2  @a《太阳风暴影响与应对措施》科普丛书
330    @a本书共四章,内容包括:太阳风暴与通信、太阳风暴对短波通信的影响与应对、太阳风暴对卫星通信的影响与应对等。
461  0 @12001 @a《太阳风暴影响与应对措施》科普丛书
606 0  @a太阳活动@x研究@x通信设备@x影响
606    @a太阳活动@x影响@x通信设备@x研究
690    @aTN965@v5
712 02 @a总装备部电子信息基础部@9zong zhuang bei bu dian zi xin xi ji chu bu@4编
801  0 @aCN@b唐山师范学院图书馆@c20160722
905    @aZUCC@dTN965@e13
    
    太阳风暴对通信装备的影响与应对/总装备部电子信息基础部[编]/总装备部电子信息基础部编.-北京:国防工业出版社,2012
    149页:图;26cm.-(《太阳风暴影响与应对措施》科普丛书)
    
    
    ISBN 978-7-118-08451-1:CNY26.00
    本书共四章,内容包括:太阳风暴与通信、太阳风暴对短波通信的影响与应对、太阳风暴对卫星通信的影响与应对等。
●
相关链接 在E读中查询图书 在五车中查询图书 在当当中查询图书 在豆瓣中查询图书


正题名:太阳风暴对通信装备的影响与应对     索取号:TN965/13         预约/预借

序号 登录号 条形码 馆藏地/架位号 状态 备注
1 902147   209021477   第二样本阅览室/ [索取号:TN965/13] 在馆    
2 902148   209021486   第三借阅区/ [索取号:TN965/13] 在馆    
3 902149   209021495   第三借阅区/ [索取号:TN965/13] 在馆    
4 902150   209021501   第三借阅区/ [索取号:TN965/13] 在馆    
5 902151   209021510   第三借阅区/ [索取号:TN965/13] 在馆    
唐山师范学院图书馆 欢迎您!
大连网信软件有限公司© 版权所有